| 000 | 00605nam a22002417a 4500 | ||
|---|---|---|---|
| 005 | 20231011151830.0 | ||
| 008 | 180312b xxu||||| |||| 00| 0 spa d | ||
| 020 | _a9786074525014 | ||
| 041 | _aspa | ||
| 082 | _a158.1 G934a | ||
| 100 |
_aGuerrero Cañongo, Juan Antonio _946146 |
||
| 245 | _aAsí piensan los millonarios | ||
| 260 | _aMéxico | ||
| 260 | _bPanorama | ||
| 260 | _c2014 | ||
| 300 | _a105 páginas | ||
| 650 | _aÉXITO | ||
| 650 | _aFELICIDAD | ||
| 650 | _aCONTROL DE EMOCIONES | ||
| 650 | _aINNOVAR | ||
| 650 | _aCREATIVIDAD | ||
| 942 |
_cLIT _2ddc |
||
| 999 |
_c10439 _d10439 |
||